000 00781nam a2200193 i 4500
001 129489
003 ES-MaACL
005 20230906193518.0
007 t|
008 070620s1957 sp a |||| | spa d
245 0 0 _aTests psicométricos y proyectivos
_b: al servicio de psiquiatras, forenses, psicólogos, pedagogos, juristas, sociólogos, etc. /
_cCentro de Estudios Psicopedagógicos de la Casa Reformatorio del Salvador de Amurrio.
260 _aAmurrio (Álava) :
_bS. Católica,
_c[1957]
300 _aVIII, 175 p. :
_bil. ;
_c24 cm.
500 _aEs separata de la Revista Surgam...
650 0 4 _aPsicodiagnóstico.
_916537
650 _aTests proyectivos.
_9168730
710 2 _aCentro de Estudios Psicopedagógicos de Amurrio.
_9168731
852 _aES-MaACL
_jC-13590
999 _c129489
_d129489